<?xml version="1.0" encoding="UTF-8"?><?xml-stylesheet type="text/xsl" href="static/style.xsl"?><OAI-PMH xmlns="http://www.openarchives.org/OAI/2.0/" xmlns:xsi="http://www.w3.org/2001/XMLSchema-instance" xsi:schemaLocation="http://www.openarchives.org/OAI/2.0/ http://www.openarchives.org/OAI/2.0/OAI-PMH.xsd"><responseDate>2026-04-28T19:52:46Z</responseDate><request verb="GetRecord" identifier="oai:uvadoc.uva.es:10324/28004" metadataPrefix="marc">https://uvadoc.uva.es/oai/request</request><GetRecord><record><header><identifier>oai:uvadoc.uva.es:10324/28004</identifier><datestamp>2021-06-29T19:49:39Z</datestamp><setSpec>com_10324_38</setSpec><setSpec>col_10324_852</setSpec></header><metadata><record xmlns="http://www.loc.gov/MARC21/slim" xmlns:doc="http://www.lyncode.com/xoai" xmlns:xsi="http://www.w3.org/2001/XMLSchema-instance" xmlns:dcterms="http://purl.org/dc/terms/" xsi:schemaLocation="http://www.loc.gov/MARC21/slim http://www.loc.gov/standards/marcxml/schema/MARC21slim.xsd">
<leader>00925njm 22002777a 4500</leader>
<datafield tag="042" ind1=" " ind2=" ">
<subfield code="a">dc</subfield>
</datafield>
<datafield tag="720" ind1=" " ind2=" ">
<subfield code="a">Dorado Blanco, Teresa</subfield>
<subfield code="e">author</subfield>
</datafield>
<datafield tag="260" ind1=" " ind2=" ">
<subfield code="c">2017</subfield>
</datafield>
<datafield tag="520" ind1=" " ind2=" ">
<subfield code="a">El Museo Universidad de Navarra es un museo universitario que nació para albergar dos legados: el fondo fotográfico de José Ortiz Echagüe que posteriormente fue ampliado por la Universidad y se convirtió en el Fondo Fotográfico Universidad de Navarra y la colección de arte contemporáneo de María Josefa Huarte Beaumont. No obstante, debido al proyecto realizado por el arquitecto Rafael Moneo que es una obra de arte en sí mismo, se ha logrado un espacio que está lejos de ser un mero contenedor de obras. El Museo se ha convertido en un centro en el que se puede disfrutar tanto de pintura y escultura como de cine, teatro, danza; también acoge actividades de la Universidad y actúa como unión entre la vida universitaria y la población de Pamplona.</subfield>
</datafield>
<datafield tag="024" ind2=" " ind1="8">
<subfield code="a">http://uvadoc.uva.es/handle/10324/28004</subfield>
</datafield>
<datafield tag="245" ind1="0" ind2="0">
<subfield code="a">Una aproximación a los museos universitarios: El Museo Universidad de Navarra</subfield>
</datafield>
</record></metadata></record></GetRecord></OAI-PMH>